Una flor amarilla (Registro nro. 49274)
[ vista simple ]
| 000 -ENCABEZADO | |
|---|---|
| Número de control [NR] | 01043cam a2200265 a 4500 |
| 005 - FECHA Y HORA DE LA ÚLTIMA TRANSACCIÓN | |
| control field | 20240919111915.0 |
| 008 - DE LONGITUD FIJA DE DATOS DE ELEMENTOS - INFORMACIÓN GENERAL | |
| Elementos de longitud fija [NR] | 171206s1974 ec r 000 0 spa d |
| 015 ## - NUMERO DE BIBLIOGRAFIA NACIONAL [R] | |
| Número de bibliografía nacional [R] | NNN |
| 035 ## - NUMERO DE CONTROL DEL SISTEMA [R] | |
| Número de control del sistema [NR] | (Sirsi) 65930 |
| 040 ## - FUENTE DE CATALOGACION [NR] | |
| Agencia de catalogación original [NR] | Co-BoUCM |
| Idioma de catalogación [NR] | spa |
| Quien Cataloga | Saul Niño |
| Quien Clasifica | Saul Niño |
| 041 0# - CODIGO DE IDIOMA [R] | |
| Código de idioma para texto/pista de sonido o título separado [R] | Español |
| 100 1# - ASIENTO PRINCIPAL--NOMBRE PERSONAL [NR] | |
| Nombre personal [NR] | Cortázar, Julio |
| Fechas asociadas con el nombre [NR] | 1914-1984 |
| ID Autoridad | 1409 |
| 245 14 - MENCION DE TITULO [NR] | |
| Título [NR] | Una flor amarilla |
| Mención de responsabilidad, etc. [NR] | Julio Cortazar ; introducción de Rafael Díaz Ycaza |
| 260 ## - PUBLICACION, DISTRIBUCION, ETC. (PIE DE IMPRENTA) [R] | |
| Lugar de publicación, distribución, etc. [R] | Guayaquil |
| Nombre del editor, distribuidor, etc. [R] | Ariel |
| Fecha de publicación, distribución, etc. [R] | 1974 |
| 300 ## - DESCRIPCION FISICA [R] | |
| Extensión [R] | 176 páginas |
| 490 ## - MENCION DE SERIE [R] | |
| Mención de serie [R] | Ariel universal |
| Designación numérica/secuencial del volumen [NR] | 4 |
| 501 ## - NOTA DE “CON” [R] | |
| Nota de “Con” [NR] | Con: Final del juego ; Los venenos ; Bestiario ; Cartas a mama ; La noche boca arriba ; Circe ; El otro cielo ; Todos los fuegos el fuego ; Instrucciones para John Howell ; El perseguidor |
| 600 14 - ASIENTO SECUNDARIO DE MATERIA - NOMBRE PERSONAL [R] | |
| Nombre personal [NR] | Cortázar, Julio |
| Fechas asociadas con el nombre [NR] | 1914-1984 |
| 9 (RLIN) | 1409 |
| 650 #7 - ASIENTO SECUNDARIO DE MATERIA - TERMINO TEMATICO [R] | |
| Término temático o nombre geográfico como elemento de entrada [NR] | Cuentos argentinos |
| 9 (RLIN) | 12252 |
| 650 #7 - ASIENTO SECUNDARIO DE MATERIA - TERMINO TEMATICO [R] | |
| Término temático o nombre geográfico como elemento de entrada [NR] | Literatura argentina |
| 9 (RLIN) | 18607 |
| 650 #7 - ASIENTO SECUNDARIO DE MATERIA - TERMINO TEMATICO [R] | |
| Término temático o nombre geográfico como elemento de entrada [NR] | Literatura latinoamericana |
| 9 (RLIN) | 18700 |
| 700 1# - ASIENTO SECUNDARIO - NOMBRE PERSONAL [R] | |
| Nombre personal [NR] | Díaz Ycaza, Rafael |
| 9 (RLIN) | 90126 |
| 942 ## - ELEMENTOS DE ENTRADA AGREGADOS (KOHA) | |
| Sistema de clasificación | DEWEY |
| Tema principal | Literatura |
| Tipo de ítem principal el descrito en 300a | Libro |
| Edición | 1 |
| Clasificación | 863.44 |
| Prefijo de la signatura top. (colección) | Literatura - Argentina |
| Parte restante de la signatura top. | C827fl |
| Título oculto en OPAC | No |
| Fecha de último préstamo | Total préstamos | Total Renewals | Signatura topográfica | Código de barras | Última vez visto | Ejemplar | Price effective from | Tipo de ítem | Nota pública (OPAC) | Perdido | Sistema de clasificación | Dañado | No prestable | Tipo de ítem específico | Suprimido | Ubicación habitual | Ubicación actual | Localización | Fecha de creación | Forma de adquisición | Costo |
|---|---|---|---|---|---|---|---|---|---|---|---|---|---|---|---|---|---|---|---|---|---|
| 10/08/2019 | 1 | 3 | 863.44 C827fl | 100078053 | 06/02/2026 | Ej.1 | 03/02/2013 | Libro | Spot Literatura general | DEWEY | Libro | Quinta de Mutis | Quinta de Mutis | Mezanecs | 28/02/2006 | Donación | 26000.00 |